<?xml version="1.0" encoding="UTF-8"?>
<record
    xmlns:xsi="http://www.w3.org/2001/XMLSchema-instance"
    xsi:schemaLocation="http://www.loc.gov/MARC21/slim http://www.loc.gov/standards/marcxml/schema/MARC21slim.xsd"
    xmlns="http://www.loc.gov/MARC21/slim">

  <leader>00648nam a22001937a 4500</leader>
  <controlfield tag="003">OSt</controlfield>
  <controlfield tag="005">20260120161319.0</controlfield>
  <controlfield tag="008">260120b        |||||||| |||| 00| 0 eng d</controlfield>
  <datafield tag="037" ind1=" " ind2=" ">
    <subfield code="a">6349</subfield>
    <subfield code="b">Bharati Madhyavarti Sahakari Grahak Bhandar Pune</subfield>
  </datafield>
  <datafield tag="040" ind1=" " ind2=" ">
    <subfield code="c">NLK</subfield>
  </datafield>
  <datafield tag="041" ind1=" " ind2=" ">
    <subfield code="a">Marathi</subfield>
  </datafield>
  <datafield tag="082" ind1=" " ind2=" ">
    <subfield code="a">347.5406</subfield>
    <subfield code="b">CHA</subfield>
  </datafield>
  <datafield tag="100" ind1=" " ind2=" ">
    <subfield code="a">&#x972;&#x921;. &#x92A;. &#x930;&#x93E;. &#x91A;&#x93E;&#x902;&#x926;&#x947;</subfield>
  </datafield>
  <datafield tag="245" ind1=" " ind2=" ">
    <subfield code="a">&#x92D;&#x93E;&#x930;&#x924;&#x940;&#x92F; &#x938;&#x93E;&#x915;&#x94D;&#x937; &#x905;&#x927;&#x93F;&#x928;&#x93F;&#x92F;&#x92E; &#x968;&#x966;&#x968;&#x969;: Bharatiya Sakshya Adhiniyam 2023</subfield>
    <subfield code="c">P R Chande</subfield>
  </datafield>
  <datafield tag="260" ind1=" " ind2=" ">
    <subfield code="a">Pune</subfield>
    <subfield code="b">Mukund Prakashan</subfield>
    <subfield code="c">2025</subfield>
  </datafield>
  <datafield tag="300" ind1=" " ind2=" ">
    <subfield code="a">416</subfield>
  </datafield>
  <datafield tag="650" ind1=" " ind2=" ">
    <subfield code="a">Law of evidence&#x2014;India; Bharatiya Sakshya Adhiniyam</subfield>
  </datafield>
  <datafield tag="942" ind1=" " ind2=" ">
    <subfield code="2">ddc</subfield>
    <subfield code="c">TB</subfield>
    <subfield code="n">0</subfield>
  </datafield>
  <datafield tag="999" ind1=" " ind2=" ">
    <subfield code="c">1215155</subfield>
    <subfield code="d">1215155</subfield>
  </datafield>
  <datafield tag="952" ind1=" " ind2=" ">
    <subfield code="0">0</subfield>
    <subfield code="1">0</subfield>
    <subfield code="2">ddc</subfield>
    <subfield code="4">0</subfield>
    <subfield code="7">0</subfield>
    <subfield code="a">NLK</subfield>
    <subfield code="b">NLK</subfield>
    <subfield code="c">Row -3/Rack -5/Shelf -B</subfield>
    <subfield code="d">2026-01-14</subfield>
    <subfield code="e">Bharati Madhyavarti Sahakari Grahak Bhandar Pune</subfield>
    <subfield code="g">495.00</subfield>
    <subfield code="l">0</subfield>
    <subfield code="o">347.5406/CHA</subfield>
    <subfield code="p">NLK-9953</subfield>
    <subfield code="r">2026-01-21 00:00:00</subfield>
    <subfield code="w">2026-01-20</subfield>
    <subfield code="y">TB</subfield>
  </datafield>
  <datafield tag="952" ind1=" " ind2=" ">
    <subfield code="0">0</subfield>
    <subfield code="1">0</subfield>
    <subfield code="2">ddc</subfield>
    <subfield code="4">0</subfield>
    <subfield code="7">0</subfield>
    <subfield code="a">NLK</subfield>
    <subfield code="b">NLK</subfield>
    <subfield code="c">Row -3/Rack -5/Shelf -B</subfield>
    <subfield code="d">2026-01-14</subfield>
    <subfield code="e">Bharati Madhyavarti Sahakari Grahak Bhandar Pune</subfield>
    <subfield code="g">495.00</subfield>
    <subfield code="l">0</subfield>
    <subfield code="o">347.5406/CHA</subfield>
    <subfield code="p">NLK-9954</subfield>
    <subfield code="r">2026-01-21 00:00:00</subfield>
    <subfield code="w">2026-01-20</subfield>
    <subfield code="y">TB</subfield>
  </datafield>
</record>
